Statistics for guess the countries by hints By:Max

Click here to take the quiz!

General Stats

  • This quiz has been taken 22 times
  • The average score is 10 of 15

Answer Stats

QuestionAnswer% Correct
Where is Tower of Pisa?Italy
95%
Which country is the biggest in the world?Russa
95%
Which two countries fight over Kosovo?Albania & Serbia
90%
Which country is an island country?Philippines
90%
Which country is the smallest in the world?Vatican City
90%
Which country has the tallest building?UAE
86%
Which country made Syrup?Canada
81%
Which country have the best Economy in Europe?Germany
76%
Which country border IndonesiaEast Timor
62%
Which country is the most dangerous?Afghanistan
57%
Which country made Potato Fries?Belguim
57%
Which country doesn't border Chile?Brazil
57%
Which country has the most Pyramids?Sudan
48%
Where is Shwedagon Pagoda?Myanmar
24%
Which country has the most visited city?Thailand
10%

Score Distribution

Percentile by Number Answered

Percent of People with Each Score

Your Score History

You have not taken this quiz